Fundamental Methods of Mathematical Economics (Record no. 1055)

MARC details
000 -LEADER
fixed length control field 00366nam a2200145Ia 4500
008 - FIXED-LENGTH DATA ELEMENTS--GENERAL INFORMATION
fixed length control field 230312s9999||||xx |||||||||||||| ||und||
020 ## - INTERNATIONAL STANDARD BOOK NUMBER
International Standard Book Number 0-07-06621-9-3
082 ## - DEWEY DECIMAL CLASSIFICATION NUMBER
Classification number 330.0151
Item number CHI-F
100 ## - MAIN ENTRY--PERSONAL NAME
Personal name Chiang, Alpha C
245 #0 - TITLE STATEMENT
Title Fundamental Methods of Mathematical Economics
260 ## - PUBLICATION, DISTRIBUTION, ETC.
Name of publisher, distributor, etc. Pearson
Place of publication, distribution, etc. London
Date of publication, distribution, etc. 1984
300 ## - PHYSICAL DESCRIPTION
Extent 788
650 ## - SUBJECT ADDED ENTRY--TOPICAL TERM
Topical term or geographic name entry element Economics
942 ## - ADDED ENTRY ELEMENTS (KOHA)
Koha item type BOOK

No items available.

Powered by Koha